Constitución política de la República de Chile de 1980: subtitulada, anotada y con indice alfabético de materias
Gorde:
| Egile nagusia: | |
|---|---|
| Formatua: | Liburua |
| Hizkuntza: | gaztelania |
| Argitaratua: |
Santiago
Jurídica de Chile
2001
|
| Gaiak: | |
| Etiketak: |
Etiketa erantsi
Etiketarik gabe, Izan zaitez lehena erregistro honi etiketa jartzen!
|
MARC
| LEADER | 00000nam a2200000 a 4500 | ||
|---|---|---|---|
| 001 | UCN8183 | ||
| 003 | CL-VaPUC | ||
| 008 | 011109e20010900CL |||||||||||||||||spa|d | ||
| 082 | 0 | 4 | |a 342.83 |b MOR |2 21 |
| 100 | |a Moraga Neira, René |e autor |9 761785 | ||
| 245 | 1 | 0 | |a Constitución política de la República de Chile de 1980: subtitulada, anotada y con indice alfabético de materias |
| 300 | |a 262 p | ||
| 942 | |c BK | ||
| 945 | |d 20011109 00:00:00 |a vberengu | ||
| 260 | |a Santiago |b Jurídica de Chile |c 2001 | ||
| 600 | 0 | |a Congreso Nacional de Chile |9 256491 | |
| 600 | 0 | 7 | |a TRIBUNAL CONSTITUCIONAL |2 CL-VaPUC |9 257869 |
| 600 | 0 | 7 | |a CONTRALORIA GENERAL DE LA REPUBLICA |2 CL-VaPUC |9 255756 |
| 600 | 0 | 7 | |a BANCO CENTRAL DE CHILE |2 CL-VaPUC |9 315360 |
| 600 | 0 | 7 | |a CONSEJO DE SEGURIDAD NACIONAL |2 CL-VaPUC |9 256492 |
| 650 | 0 | |a Constitución política |9 336925 | |
| 650 | 0 | |a Derecho constitucional |9 222588 | |
| 650 | 0 | |a Nacionalidad |9 357571 | |
| 650 | 0 | |a Ciudadanía |9 258339 | |
| 650 | 0 | |a Gobierno |9 255508 | |
| 650 | 0 | |a Poder judicial |9 254871 | |
| 650 | 0 | |a Fuerzas Armadas |9 255504 | |
| 583 | |a last modification |c 20130925 07:29:46 |k Rodrigo Vera | ||
| 999 | |c 298213 |d 298211 | ||
| 952 | |0 0 |1 0 |4 0 |6 342_830000000000000_MOR_2001 |7 0 |8 A |9 353619 |a BIBDER |b BIBDER |d 2019-11-21 |i 3772160 |o 342.83 MOR 2001 |p 3772160 |r 2019-11-21 |w 2019-11-21 |y BK |k DER | ||
| 952 | |0 0 |1 0 |4 0 |6 342_830000000000000_MOR_2001 |7 0 |8 A |9 353620 |a BIBDER |b BIBDER |d 2019-11-21 |i 3772179 |o 342.83 MOR 2001 |p 3772179 |r 2023-01-25 |w 2019-11-21 |y BK |k DER | ||